| 000 | 00489nam a22001937a 4500 | ||
|---|---|---|---|
| 003 | OSt | ||
| 005 | 20140310182247.0 | ||
| 008 | 121114t xxu||||| |||| 00| 0 eng d | ||
| 020 | _a0671694987 | ||
| 050 |
_aPZ 7 _b.St859 1990 |
||
| 082 |
_aFIC _bSt5c 1990 |
||
| 100 |
_aStine, R.L. _93762 |
||
| 245 |
_aCurtains / _cR.L.Stine. |
||
| 260 |
_aNew York : _bPocket Books, _c1990. |
||
| 300 |
_a139 p. : _c17 cm |
||
| 650 |
_aHorror stories. _93825 |
||
| 942 |
_2lcc _cBK-FIC |
||
| 999 |
_c11266 _d11266 |
||